<?xml version="1.0" encoding="UTF-8"?>
<collection xmlns="http://www.loc.gov/MARC21/slim">
 <record>
  <leader>01926nam a22002417a 4500</leader>
  <controlfield tag="001">NCT_42274</controlfield>
  <controlfield tag="008">180615b        xxu||||| |||| 00| 0 vie d</controlfield>
  <datafield tag="999" ind1=" " ind2=" ">
   <subfield code="c">2029</subfield>
   <subfield code="d">2029</subfield>
  </datafield>
  <datafield tag="020" ind1=" " ind2=" ">
   <subfield code="a">9786047342051</subfield>
   <subfield code="c">60000</subfield>
  </datafield>
  <datafield tag="082" ind1="0" ind2="4">
   <subfield code="2">23rd ed.</subfield>
   <subfield code="a">796.234</subfield>
   <subfield code="b">H523</subfield>
  </datafield>
  <datafield tag="100" ind1="1" ind2=" ">
   <subfield code="a">Châu Vĩnh Huy</subfield>
  </datafield>
  <datafield tag="245" ind1="1" ind2="0">
   <subfield code="a">Giáo trình cầu lông : </subfield>
   <subfield code="b">Dành cho sinh viên phổ tu và sinh viên chuyển ngành cầu lông. Đào tạo theo hệ tính chỉ</subfield>
   <subfield code="c">Châu Vĩnh Huy, Huỳnh Đắc Tiến, Nguyễn Thế Lưỡng</subfield>
  </datafield>
  <datafield tag="260" ind1=" " ind2=" ">
   <subfield code="a">TP. Hồ Chí Minh</subfield>
   <subfield code="b">Đại học quốc gia thành phố Hồ Chí Minh</subfield>
   <subfield code="c">2016</subfield>
  </datafield>
  <datafield tag="300" ind1=" " ind2=" ">
   <subfield code="a">133 tr.</subfield>
   <subfield code="b">Minh họa</subfield>
   <subfield code="c">24 cm</subfield>
  </datafield>
  <datafield tag="500" ind1=" " ind2=" ">
   <subfield code="a">ĐTTS ghi: Bộ giáo dục và đào tạo trường đại học sư phạm thể dục và thể thao thành phố Hồ Chí Minh</subfield>
  </datafield>
  <datafield tag="520" ind1="3" ind2=" ">
   <subfield code="a">Giáo trình này được biên soạn cho sinh viên học phổ tu và sinh viên chuyên ngành cầu lông khoa giáo dục thể chất của các trường đại học sư phạm thể dục thể thao. Nội dung giáo trình được trình bài gồm 6 chương tiếng hành giảng dạy trong 54 tiết(3 tín chỉ) và là học phần bắt buộc trong chương trình đào tạo của trường Đại học Sư phạm Thể dục Thể thao Thành Phố Hồ Chí Minh</subfield>
  </datafield>
  <datafield tag="653" ind1=" " ind2=" ">
   <subfield code="a">Khoa học cơ bản</subfield>
  </datafield>
  <datafield tag="700" ind1="1" ind2=" ">
   <subfield code="a">Huỳnh Đắc Tiến</subfield>
  </datafield>
  <datafield tag="700" ind1="1" ind2=" ">
   <subfield code="a">Nguyễn Thế Lưỡng</subfield>
  </datafield>
  <datafield tag="942" ind1=" " ind2=" ">
   <subfield code="2">ddc</subfield>
   <subfield code="c">BK</subfield>
  </datafield>
  <datafield tag="952" ind1=" " ind2=" ">
   <subfield code="0">0</subfield>
   <subfield code="1">0</subfield>
   <subfield code="2">ddc</subfield>
   <subfield code="4">0</subfield>
   <subfield code="6">796_234000000000000_H523</subfield>
   <subfield code="7">0</subfield>
   <subfield code="9">10868</subfield>
   <subfield code="a">000001</subfield>
   <subfield code="b">000001</subfield>
   <subfield code="d">2018-06-15</subfield>
   <subfield code="o">796.234 H523</subfield>
   <subfield code="p">MD.10421</subfield>
   <subfield code="r">2018-06-15</subfield>
   <subfield code="v">60000.00</subfield>
   <subfield code="w">2018-06-15</subfield>
   <subfield code="y">BK</subfield>
  </datafield>
  <datafield tag="952" ind1=" " ind2=" ">
   <subfield code="0">0</subfield>
   <subfield code="1">0</subfield>
   <subfield code="2">ddc</subfield>
   <subfield code="4">0</subfield>
   <subfield code="6">796_234000000000000_H523</subfield>
   <subfield code="7">0</subfield>
   <subfield code="9">10869</subfield>
   <subfield code="a">000001</subfield>
   <subfield code="b">000001</subfield>
   <subfield code="d">2018-06-15</subfield>
   <subfield code="o">796.234 H523</subfield>
   <subfield code="p">MD.10422</subfield>
   <subfield code="r">2018-06-15</subfield>
   <subfield code="v">60000.00</subfield>
   <subfield code="w">2018-06-15</subfield>
   <subfield code="y">BK</subfield>
  </datafield>
  <datafield tag="980" ind1=" " ind2=" ">
   <subfield code="a">Thư viện Trường Đại học Nam Cần Thơ</subfield>
  </datafield>
 </record>
</collection>
